000 01048nam2a2200265 4500
001 rc\3060595
005 20260315070534.0
035 _a(NLR Aleph) 007199344
090 _a13627121
_c13627121
100 _a20111012d1941 u y0rusy50 ca
101 0 _arus
102 _aRU
105 _ay z |||||
200 1 _aДля 5-6 классов
210 _d1941
215 _a180 с.
461 0 _1001rc\3060594
_12001#$aУчебник русского языка$eДля ... осетин. неполной средней и средней школы. Ч. 1-$vЧ. 1
_97617101
_cОрджоникидзе
_d1941
_e2-е изд.
_nСев.-Осетин. гос. изд-во
_oДля ... осетин. неполной средней и средней школы. Ч. 1-
_tУчебник русского языка
_vЧ. 1
700 1 _aСмирнов
_bА.Н.
701 1 _aДжанаев
_bС.С.
701 1 _aБатяева
_bА.Ф.
801 0 _aRU
_bNLR
_gpsbo
801 1 _aRU
_bELAR
_2rusmarc
852 _aNLR
_jЯ60 Г-5/370
942 _cUNSPEC
980 _aNB